Education and art : (Record no. 9698)
[ view plain ]
| 000 -LEADER | |
|---|---|
| fixed length control field | 00692cam a22002531 4500 |
| 001 - CONTROL NUMBER | |
| JCCL Control Number | 9698 |
| 003 - CONTROL NUMBER IDENTIFIER | |
| JCCL marc code | BD-JhCC |
| 005 - DATE AND TIME OF LATEST TRANSACTION | |
| control field | 20180325194946.0 |
| 008 - FIXED-LENGTH DATA ELEMENTS--GENERAL INFORMATION | |
| fixed length control field | 180322s1953 fr af b i100 0 eng |
| 035 ## - SYSTEM CONTROL NUMBER | |
| system control number | (BD-JhCC)9698 |
| 035 ## - SYSTEM CONTROL NUMBER | |
| system control number | (OCoLC)509936 |
| 040 ## - CATALOGING SOURCE | |
| Original cataloging agency | DLC |
| Transcribing agency | ODaWU |
| Modifying agency | OCoLC |
| -- | DLC |
| -- | BD-JhCC |
| 041 ## - LANGUAGE CODE | |
| Language code of Book | eng |
| 050 00 - LIBRARY OF CONGRESS CALL NUMBER | |
| Classification number | N85 |
| Item number | .Z5 |
| 082 ## - DEWEY DECIMAL CLASSIFICATION NUMBER | |
| Classification number | 707 |
| Author mark and Year | ZIE 1953 |
| 100 1# - MAIN ENTRY--PERSONAL NAME | |
| Personal name | Ziegfeld, Edwin, |
| Dates associated with a name | 1905- |
| 245 10 - TITLE STATEMENT | |
| Title | Education and art : |
| Remainder of title | a symposium / |
| Statement of responsibility, etc | Edwin Ziegfeld, |
| 260 ## - PUBLICATION, DISTRIBUTION, ETC. (IMPRINT) | |
| Place of publication, distribution, etc | Paris : |
| Name of publisher, distributor, etc | Unesco, |
| Date of publication, distribution, etc | 1963. |
| 300 ## - PHYSICAL DESCRIPTION | |
| Pagination | 129 p. |
| Other physical details | illus., plates (part col.) |
| Dimensions | 28 cm. |
| 504 ## - BIBLIOGRAPHY, ETC. NOTE | |
| Bibliography, etc | Bibliography: p. 121-123. |
| 650 #0 - SUBJECT ADDED ENTRY--TOPICAL TERM | |
| Topical term or geographic name as entry element | Art |
| General subdivision | Study and teaching. |
| 942 ## - ADDED ENTRY ELEMENTS (KOHA) | |
| Source of classification or shelving scheme | Dewey Decimal Classification |
| Koha item type | Books |
| Source of classification or shelving scheme | Damaged status | Not for loan | Home library | Current library | Shelving location | Total Checkouts | Full call number | Barcode | Date last seen | Copy number | Koha item type |
|---|---|---|---|---|---|---|---|---|---|---|---|
| Dewey Decimal Classification | JCC Rouf Library | JCC Rouf Library | General Stacks | 707 ZIE 1953 | 12941 | 03/22/2018 | C - 1 | Books |